[Event "Unterfranken-ch69 Seniors"]
[Site "Schweinfurt"]
[Date "2018.04.05"]
[Round "5"]
[White "Gerhard, Georg"]
[Black "Reichert, Josef"]
[Result "0-1"]
[WhiteElo "1208"]
[BlackElo "1532"]
[PlyCount "78"]
[EventDate "2018.04.02"]
[EventType "swiss"]
[EventRounds "7"]
[EventCountry "GER"]
[SourceTitle "EXT 2019"]
[Source "ChessBase"]
[SourceDate "2018.10.10"]
[SourceVersion "1"]
[SourceVersionDate "2018.10.10"]
[SourceQuality "1"]

1. e4 c5 2. Nf3 d6 3. Bb5+ Bd7 4. Qe2 a6 5. Bxd7+ Nxd7 6. c3 Qc7 7. 0-0 e6 8. b3 Ngf6 9. Bb2 Be7 10. d4 0-0 11. Nbd2 Rfc8 12. Rac1 b5 13. c4 b4 14. d5 exd5 15. cxd5 Re8 16. Qd3 Bf8 17. Rfe1 Ng4 18. h3 Nge5 19. Nxe5 Nxe5 20. Bxe5 Rxe5 21. f4 Re6 22. Nf3 Qb6 23. Kf1 Qb5 24. Qxb5 axb5 25. Ra1 f6 26. f5 Ra7 27. Re2 Rae7 28. Nd2 g6 29. g4 gxf5 30. gxf5 Bh6 31. Rd1 Bxd2 32. Rdxd2 Rxe4 33. Rxe4 Rxe4 34. Re2 Re5 35. Rxe5 fxe5 36. Ke2 Kf7 37. Ke3 Kf6 38. Ke4 h6 39. h4 h5 0-1

[Event "Unterfranken-ch69 Seniors"]
[Site "Schweinfurt"]
[Date "2018.04.04"]
[Round "4"]
[White "Gerhard, Georg"]
[Black "Wirth, Reinhard"]
[Result "0-1"]
[WhiteElo "1208"]
[BlackElo "1715"]
[PlyCount "52"]
[EventDate "2018.04.02"]
[EventType "swiss"]
[EventRounds "7"]
[EventCountry "GER"]
[SourceTitle "EXT 2019"]
[Source "ChessBase"]
[SourceDate "2018.10.10"]
[SourceVersion "1"]
[SourceVersionDate "2018.10.10"]
[SourceQuality "1"]

1. e4 e5 2. f4 d5 3. exd5 e4 4. Nc3 Nf6 5. d3 Bb4 6. Bd2 Bg4 7. Be2 Bxe2 8. Ngxe2 exd3 9. cxd3 0-0 10. 0-0 c6 11. a3 Bd6 12. dxc6 Nxc6 13. Ne4 Bc7 14. Nxf6+ Qxf6 15. Bc3 Qd6 16. Qd2 Rfe8 17. Rfe1 Re6 18. Rad1 Bb6+ 19. Kh1 Rae8 20. Nc1 Be3 21. Qc2 Bxf4 22. Rxe6 Rxe6 23. g3 Bg5 24. Ne2 Qd5+ 25. Kg1 Qf3 26. Bd4 Rxe2 0-1

[Event "Unterfranken-ch HA 63th"]
[Site "Schweinfurt"]
[Date "2012.04.09"]
[Round "1"]
[White "Gerhard, Georg"]
[Black "Hinterleitner, Gerhard"]
[Result "0-1"]
[WhiteElo "1291"]
[BlackElo "1756"]
[PlyCount "102"]
[EventDate "2012.04.09"]
[EventType "swiss"]
[EventRounds "9"]
[EventCountry "GER"]
[SourceTitle "EXT 2015"]
[Source "ChessBase"]
[SourceDate "2014.11.20"]
[SourceVersion "1"]
[SourceVersionDate "2014.11.20"]
[SourceQuality "1"]

1. e4 e6 2. d4 d5 3. Nc3 Bb4 4. Bd3 c5 5. dxc5 d4 6. a3 Bxc5 7. Nce2 Nc6 8. b4 Bb6 9. Nf3 a6 10. Bb2 e5 11. 0-0 Nge7 12. c3 dxc3 13. Bxc3 Bc7 14. Qc2 Ng6 15. h3 0-0 16. Rfd1 Nh4 17. Nxh4 Qxh4 18. Kh2 Qxf2 19. Rf1 Qh4 20. Be1 Qe7 21. Ng3 Be6 22. Qf2 Rad8 23. Be2 Nd4 24. Rd1 b5 25. Bc3 Nxe2 26. Qxe2 Bc4 27. Qg4 Bxf1 28. Rxf1 f5 29. Nxf5 Rxf5 30. exf5 e4+ 31. g3 Be5 32. Bxe5 Qxe5 33. Rf2 e3 34. f6 g6 35. f7+ Kg7 36. f8Q+ Rxf8 37. Rxf8 Kxf8 38. Qc8+ Kf7 39. Qd7+ Kf6 40. Qd1 e2 41. Qe1 Qe3 42. Kg2 Kg5 43. Kh2 Kf5 44. Kg2 Ke4 45. Qb1+ Qd3 46. Qe1 Qf3+ 47. Kg1 Qf1+ 48. Qxf1 exf1Q+ 49. Kxf1 Kf3 50. h4 Kxg3 51. h5 g5 0-1

[Event "Unterfranken-ch HB 62th"]
[Site "Gerolzhofen"]
[Date "2011.04.29"]
[Round "8"]
[White "Lehmann, Andreas1111"]
[Black "Gerhard, Georg"]
[Result "0-1"]
[WhiteElo "943"]
[BlackElo "1211"]
[PlyCount "40"]
[EventDate "2011.04.25"]
[EventType "swiss"]
[EventRounds "9"]
[EventCountry "GER"]
[SourceTitle "EXT 2015"]
[Source "ChessBase"]
[SourceDate "2014.11.20"]
[SourceVersion "1"]
[SourceVersionDate "2014.11.20"]
[SourceQuality "1"]

1. e4 c5 2. Bc4 Nc6 3. Ne2 Na5 4. d3 Nxc4 5. dxc4 d6 6. 0-0 g6 7. b3 Bg7 8. Nbc3 Nf6 9. Bb2 0-0 10. Nd5 Nxe4 11. Bxg7 Kxg7 12. Nef4 e5 13. Qd3 Bf5 14. Ne2 Nxf2 15. Qc3 Ne4 16. Qb2 Nf6 17. Ne3 Be6 18. Ng3 Ng4 19. Nxg4 Bxg4 20. Rad1 Bxd1 0-1

[Event "Unterfranken-ch HB 62th"]
[Site "Gerolzhofen"]
[Date "2011.04.28"]
[Round "6"]
[White "Gerhard, Georg"]
[Black "Braun, Marcel"]
[Result "1-0"]
[WhiteElo "1211"]
[BlackElo "836"]
[PlyCount "37"]
[EventDate "2011.04.25"]
[EventType "swiss"]
[EventRounds "9"]
[EventCountry "GER"]
[SourceTitle "EXT 2015"]
[Source "ChessBase"]
[SourceDate "2014.11.20"]
[SourceVersion "1"]
[SourceVersionDate "2014.11.20"]
[SourceQuality "1"]

1. e4 e5 2. f4 exf4 3. Nf3 Nf6 4. Nc3 d5 5. e5 d4 6. Qe2 Be6 7. exf6 dxc3 8. fxg7 Bxg7 9. dxc3 Qf6 10. Qb5+ Nc6 11. Qxb7 Rd8 12. Qxc6+ Rd7 13. Bb5 Qe7 14. Qa8+ Qd8 15. Qxd8+ Kxd8 16. Bxd7 Kxd7 17. Bxf4 Rd8 18. Kf2 Bc4 19. Rhe1 1-0

[Event "Unterfranken-ch HB 62th"]
[Site "Gerolzhofen"]
[Date "2011.04.26"]
[Round "3"]
[White "Ress, Lothar"]
[Black "Gerhard, Georg"]
[Result "1-0"]
[WhiteElo "1565"]
[BlackElo "1211"]
[PlyCount "63"]
[EventDate "2011.04.25"]
[EventType "swiss"]
[EventRounds "9"]
[EventCountry "GER"]
[SourceTitle "EXT 2015"]
[Source "ChessBase"]
[SourceDate "2014.11.20"]
[SourceVersion "1"]
[SourceVersionDate "2014.11.20"]
[SourceQuality "1"]

1. e4 c5 2. c3 g6 3. d4 cxd4 4. cxd4 d6 5. Nf3 Bg7 6. Be2 Nf6 7. e5 dxe5 8. dxe5 Qxd1+ 9. Bxd1 Nfd7 10. e6 fxe6 11. Nc3 Bxc3+ 12. bxc3 Nf6 13. Bh6 Ng4 14. Bg7 Rg8 15. Bd4 Nc6 16. Ba4 Bd7 17. h3 Nxd4 18. Bxd7+ Kxd7 19. Nxd4 Nf6 20. Rd1 e5 21. Nf3+ Ke6 22. 0-0 Nd7 23. Ng5+ Kf6 24. Nxh7+ Ke6 25. Ng5+ Kf6 26. Rxd7 Kxg5 27. Rxe7 Rge8 28. Rxb7 a5 29. Rb5 Kf5 30. f4 Ke4 31. fxe5 Rxe5 32. Re1+ 1-0

[Event "Unterfranken-ch HT 61th"]
[Site "Kitzingen"]
[Date "2010.04.08"]
[Round "6"]
[White "Gerhard, Georg"]
[Black "Mutzbauer, Otto"]
[Result "0-1"]
[WhiteElo "1332"]
[BlackElo "1492"]
[PlyCount "70"]
[EventDate "2010.04.05"]
[EventType "swiss"]
[EventRounds "9"]
[EventCountry "GER"]
[SourceTitle "EXT 2015"]
[Source "ChessBase"]
[SourceDate "2014.11.20"]
[SourceVersion "1"]
[SourceVersionDate "2014.11.20"]
[SourceQuality "1"]

1. e4 c5 2. f4 d6 3. Nf3 Nc6 4. Nc3 a6 5. b3 Bg4 6. h3 Bxf3 7. Qxf3 Nd4 8. Qd1 Nf6 9. d3 e5 10. fxe5 dxe5 11. Bb2 b5 12. Ne2 Bd6 13. Nxd4 exd4 14. Qf3 Qa5+ 15. Kd1 Be5 16. Qf5 Qc7 17. Be2 Bg3 18. Rf1 0-0 19. Bc1 Rae8 20. Bf4 Bxf4 21. Rxf4 Re5 22. Bg4 Rxf5 23. Rxf5 Nxg4 24. hxg4 g6 25. Rf3 Qh2 26. Ke2 Qxg2+ 27. Rf2 Qxg4+ 28. Kd2 Qg5+ 29. Ke2 Qe3+ 30. Kf1 f5 31. Re1 Qh3+ 32. Rg2 fxe4+ 33. Kg1 e3 34. Ree2 Qf3 35. Re1 Qf2+ 0-1